000
00207nam a22000857a 4500
008
161129b xxu||||| |||| 00| 0 eng d
100
_9
1531
_a
CCE
245
_a
English in Interact-X
260
_a
New Delhi
_b
CCE
_c
2011
999
_c
4260
_d
4260